Rainbow Hair Celebrities Quiz Stats

 Plays Quiz Updated Sep 19, 2018

Score 0/24 Timer 06:00
1 Play Today
Hint Answer % Correct
Katy Perry
95.5%
Lady Gaga
92.5%
Cher
92.2%
Ariana Grande
85.4%
Taylor Swift
84.8%
David Bowie
84.8%
Nicki Minaj
83.3%
Emma Stone
82.2%
Kim Kardashian
81.8%
Rihanna
81.5%
Selena Gomez
78.3%
Nicole Kidman
77%
Hint Answer % Correct
Reese Witherspoon
76.4%
Jennifer Lawrence
76%
Kristen Stewart
69.2%
Kelly Osbourne
68.7%
Rupert Grint
67.1%
Demi Lovato
58%
Jared Leto
53.7%
Ke$ha
45.8%
Jessica Chastain
44.3%
Hilary Duff
42%
Jessie J
37.2%
Nicole Richie
30.1%

You're not logged in!

Compare scores with friends on all Sporcle quizzes.
OR
Log In

Sporcle TV

Today on Sporcle TV


Watch our educational content, quiz creation guides, and fun videos on Sporcle TV.

Show Comments

Extras

Top Quizzes Today


Score Distribution

Your Account Isn't Verified!

In order to create a playlist on Sporcle, you need to verify the email address you used during registration. Go to your Sporcle Settings to finish the process.

Report this User

Report this user for behavior that violates our Community Guidelines.

Details: